000 00368nam a2200145Ia 4500
008 230711s9999||||xx |||||||||||||| ||und||
041 _aENG
082 _a624
_bKO-M
100 _aKoenigsberger O.H
245 0 _aManual of tropical housing and building
250 _a2nd Ed.
260 _c1988
_aNew Delhi
_bOrient Longman Pvt.Ltd
650 _aArchitecture
942 _cBK
999 _c283
_d283